书目信息 |
| 题名: |
作物化控原理
|
|
| 作者: | 黄卫 高湘玲 | |
| 分册: | ||
| 出版信息: | 北京 中国农业科技出版社 1997 |
|
| 页数: | 305 | |
| 开本: | 20cm | |
| 丛书名: | ||
| 单 册: | ||
| 中图分类: | S143.8 | |
| 科图分类: | ||
| 主题词: | 肥料学 | |
| 电子资源: | ||
| ISBN: | 7-80119-379-2 | |
| 000 | 00538nam0 2200181 450 | |
| 001 | 0741144344 | |
| 005 | 20070817112544.34 | |
| 010 | @a7-80119-379-2@b精装@d¥25.00 | |
| 100 | @a20070817d km y0chiy0120 ea | |
| 101 | 0 | @achi |
| 200 | 1 | @a作物化控原理@Azuo wu hua kong yuan li@f黄卫 高湘玲@Fhuang wei gao xiang ling |
| 210 | @a北京@c中国农业科技出版社@d1997 | |
| 215 | @a305@d20cm | |
| 606 | 0 | @a肥料学 |
| 690 | @aS143.8@v3 | |
| 701 | 0 | @a黄卫 高湘玲@Ahuang wei gao xiang ling |
| 801 | 0 | @aCN@bPFT@c20070817 |
| 905 | @a213230@dS143.8@en1@f1 | |
| 作物化控原理/黄卫 高湘玲.-北京:中国农业科技出版社,1997 |
| 305;20cm |
| ISBN 7-80119-379-2(精装):¥25.00 |
| ● |
| 相关链接 |
|
|
|
|
正题名:作物化控原理
索取号:S143.8/n1
 
预约/预借
| 序号 | 登录号 | 条形码 | 馆藏地/架位号 | 状态 | 备注 |
| 1 | 6600596 | 266005967 | 密集书库-生命科学系/ [索取号:S143.8/n1] | 在馆 |